[Event "Western Canadian op"]
[Site "Richmond CAN"]
[Date "2004.07.12"]
[Round "4.1"]
[White "Cramling, Pia"]
[Black "Ristovic, Nenad"]
[Result "1-0"]
[WhiteElo "2485"]
[BlackElo "2339"]
[PlyCount "59"]
[GameId "2160767911095535"]
[EventDate "2004.07.09"]
[EventType "swiss"]
[EventRounds "10"]
[EventCountry "CAN"]

1. d4 d5 2. c4 e6 3. Nf3 c6 4. Qc2 Bd6 5. g3 f5 6. Bf4 Bxf4 7. gxf4 Nf6 8. e3 O-O 9. Nc3 Ne4 10. Bd3 Nd7 11. O-O-O Ndf6 12. Ne5 Bd7 13. Bxe4 dxe4 14. Qb3 Qc7 15. Rhg1 Rfe8 16. Qa3 Bc8 17. Rg5 Qe7 18. Rdg1 Nd7 19. Rxg7+ Qxg7 20. Rxg7+ Kxg7 21. Qd6 Nxe5 22. fxe5 Kf7 23. Ne2 Re7 24. Qd8 b6 25. Qh8 Bb7 26. Qf6+ Ke8 27. Nf4 Kd7 28. Nxe6 Rxe6 29. Qf7+ Re7 30. e6+ 1-0

[Event "Western Canadian op"]
[Site "Richmond CAN"]
[Date "2004.07.12"]
[Round "4.3"]
[White "Fuentebella, Mayo"]
[Black "Lane, Travis"]
[Result "1-0"]
[WhiteElo "2348"]
[BlackElo "1895"]
[PlyCount "149"]
[GameId "2160767911095536"]
[EventDate "2004.07.09"]
[EventType "swiss"]
[EventRounds "10"]
[EventCountry "CAN"]

1. c4 e5 2. Nc3 Nc6 3. Nf3 f5 4. d4 e4 5. Ng5 Nf6 6. Nh3 d6 7. Nf4 g6 8. h4 Bg7 9. e3 Ne7 10. Qb3 c6 11. Bd2 Qc7 12. Be2 Bd7 13. g3 h6 14. a3 a6 15. Qa2 Nh7 16. Rc1 Nf8 17. Bd1 Qb8 18. Nce2 Ne6 19. Bc3 Kf7 20. d5 Bxc3+ 21. Rxc3 Nxf4 22. Nxf4 g5 23. dxc6 bxc6 24. c5+ d5 25. Ne2 Ng6 26. Nd4 f4 27. exf4 gxf4 28. Bh5 Qe5 29. Bxg6+ Kxg6 30. Ne2 fxg3 31. Rxg3+ Kh7 32. Rhg1 Rhg8 33. Rxg8 Rxg8 34. Rxg8 Kxg8 35. Qb3 Bg4 36. Qg3 Qxg3 37. fxg3 Bxe2 38. Kxe2 d4 39. g4 Kf7 40. b4 Ke6 41. a4 Ke5 42. b5 Kf4 43. bxc6 d3+ 44. Kd2 Kf3 45. c7 e3+ 46. Kxd3 e2 47. c8=Q e1=Q 48. Qf5+ Kg3 49. Kc4 Qc1+ 50. Kd4 Qb2+ 51. Kd5 Qb3+ 52. Kd6 Qb8+ 53. Kc6 Qa8+ 54. Kb6 Qb8+ 55. Kxa6 Qa8+ 56. Kb5 Qb8+ 57. Kc4 Qg8+ 58. Qd5 Qxg4+ 59. Qd4 Qe6+ 60. Kb5 Qe8+ 61. c6 Qb8+ 62. Qb6 Qe8 63. Qd4 Qb8+ 64. Kc4 Qc7 65. Qd7 Qf4+ 66. Kb5 Qe5+ 67. Ka6 Qe2+ 68. Ka7 Qe3+ 69. Ka8 Qe4 70. a5 Qe2 71. Qd6+ Kxh4 72. Qxh6+ Kg3 73. Qd6+ Kf2 74. c7 Qe8+ 75. Kb7 1-0

[Event "Western Canadian op"]
[Site "Richmond CAN"]
[Date "2004.07.12"]
[Round "4.4"]
[White "Bellon Lopez, Juan Manuel"]
[Black "Metz, Hartmut"]
[Result "1-0"]
[WhiteElo "2447"]
[BlackElo "2290"]
[PlyCount "87"]
[GameId "2160767911095537"]
[EventDate "2004.07.09"]
[EventType "swiss"]
[EventRounds "10"]
[EventCountry "CAN"]

1. d4 Nf6 2. Bg5 c6 3. Bxf6 gxf6 4. c4 d5 5. e3 Bf5 6. Nc3 e6 7. Bd3 Bg6 8. h4 Bxd3 9. Qxd3 f5 10. Nf3 Qa5 11. a3 Qa6 12. Nd2 Rg8 13. Ne2 Bb4 14. b3 Nd7 15. Nf4 Nf6 16. f3 Bd6 17. Kf2 Bxf4 18. exf4 dxc4 19. bxc4 Nh5 20. Qe3 Qb6 21. c5 Qc7 22. Nc4 Qxf4 23. Qxf4 Nxf4 24. g3 Nh5 25. Rab1 b5 26. cxb6 axb6 27. Rxb6 Rxg3 28. Rxc6 Rd8 29. Rb1 Rh3 30. Rb7 Rd7 31. Rb8+ Ke7 32. Ne5 Ra7 33. Rcb6 Kf6 34. R6b7 Rxb7 35. Rxb7 Rxh4 36. Rxf7+ Kg5 37. Ke3 Rh1 38. Rxh7 Ra1 39. Ra7 Re1+ 40. Kd2 Rf1 41. a4 Nf4 42. a5 Nd5 43. Rg7+ Kf4 44. Ke2 1-0

[Event "Western Canadian op"]
[Site "Richmond CAN"]
[Date "2004.07.12"]
[Round "4.5"]
[White "Lee, Vicente jr."]
[Black "McLaren, Brian"]
[Result "1-0"]
[WhiteElo "2326"]
[BlackElo "2270"]
[PlyCount "87"]
[GameId "2160767911095538"]
[EventDate "2004.07.09"]
[EventType "swiss"]
[EventRounds "10"]
[EventCountry "CAN"]

1. Nf3 d5 2. d4 c6 3. c4 e6 4. Nc3 dxc4 5. a4 Bb4 6. e3 b5 7. Nd2 Qb6 8. Qg4 Kf8 9. g3 Bb7 10. Bg2 Nd7 11. O-O Ngf6 12. Qe2 a6 13. Na2 Be7 14. b3 cxb3 15. Nxb3 Ne8 16. Nc3 Nd6 17. Ba3 Nc4 18. Bxe7+ Kxe7 19. Ne4 Rhd8 20. Nbc5 Nxc5 21. Nxc5 Qc7 22. Rfb1 Nd6 23. Qc2 g6 24. Ra3 Rab8 25. Rc3 Bc8 26. Nd3 bxa4 27. Rxb8 Qxb8 28. Ne5 Bb7 29. Qxa4 f6 30. Nxc6+ Bxc6 31. Rxc6 Qb1+ 32. Bf1 Rd7 33. Qxa6 f5 34. Qa3 g5 35. Qc5 Qb8 36. Qe5 Kf7 37. e4 fxe4 38. Bh3 Qb1+ 39. Kg2 Qb3 40. Rxd6 Qf3+ 41. Kg1 Rxd6 42. Qxd6 Qd1+ 43. Bf1 Qg4 44. Qe5 1-0

[Event "Western Canadian op"]
[Site "Richmond CAN"]
[Date "2004.07.12"]
[Round "4.6"]
[White "Harper, Bruce"]
[Black "Bouvier, Jesse"]
[Result "1/2-1/2"]
[WhiteElo "2326"]
[BlackElo "2196"]
[PlyCount "26"]
[GameId "2160767911095539"]
[EventDate "2004.07.09"]
[EventType "swiss"]
[EventRounds "10"]
[EventCountry "CAN"]

1. d4 d5 2. Nf3 Nc6 3. Bf4 Bg4 4. e3 a6 5. Be2 e6 6. Nbd2 Bd6 7. Bg3 Nge7 8. O-O Nf5 9. c4 Nxg3 10. hxg3 O-O 11. Rc1 Re8 12. a3 Qf6 13. Qb3 Na5 1/2-1/2

[Event "Western Canadian op"]
[Site "Richmond CAN"]
[Date "2004.07.12"]
[Round "4.10"]
[White "Van den Bersselaar, Jeroen"]
[Black "Mandic, Slaven"]
[Result "1-0"]
[WhiteElo "2189"]
[BlackElo "1979"]
[PlyCount "119"]
[GameId "2160767911095542"]
[EventDate "2004.07.09"]
[EventType "swiss"]
[EventRounds "10"]
[EventCountry "CAN"]

1. d4 e6 2. c4 f5 3. Nc3 Nf6 4. e3 Bb4 5. Bd3 b6 6. Nge2 Bb7 7. O-O O-O 8. d5 Bd6 9. f3 exd5 10. cxd5 Nh5 11. Nd4 Bxh2+ 12. Kxh2 Qh4+ 13. Kg1 Ng3 14. f4 Qh1+ 15. Kf2 Nxf1 16. Qxf1 Qxf1+ 17. Kxf1 g6 18. Bc4 Ba6 19. Ncb5 Kg7 20. b3 c5 21. dxc6 Nxc6 22. Nxc6 dxc6 23. Bb2+ Kh6 24. Kf2 g5 25. Nc7 Rad8 26. fxg5+ Kg6 27. Bf6 Rxf6 28. gxf6 Bxc4 29. bxc4 Rd2+ 30. Kf3 Kxf6 31. a4 Rc2 32. a5 Rxc4 33. axb6 axb6 34. Ra6 Ke5 35. Rxb6 f4 36. Rb3 fxe3 37. Rxe3+ Kf5 38. Ne6 h5 39. Ng7+ Kg6 40. Ne8 Kg5 41. Nd6 Rf4+ 42. Ke2 Rg4 43. Kf2 Rf4+ 44. Rf3 Rd4 45. Nf7+ Kh4 46. Rh3+ Kg4 47. Ne5+ Kf4 48. Nxc6 Rd2+ 49. Kg1 Rd1+ 50. Kh2 Kg5 51. Ne5 Ra1 52. Rg3+ Kf4 53. Nd3+ Kf5 54. Nf2 h4 55. Rb3 Kf4 56. Nh3+ Kg4 57. Rb4+ Kh5 58. Rb5+ Kh6 59. Ng1 Ra4 60. Kh3 1-0

[Event "Western Canadian op"]
[Site "Richmond CAN"]
[Date "2004.07.12"]
[Round "4.11"]
[White "Lister, Curtis"]
[Black "Spears, Nicholas"]
[Result "0-1"]
[WhiteElo "1964"]
[BlackElo "2186"]
[PlyCount "106"]
[GameId "2160767911095543"]
[EventDate "2004.07.09"]
[EventType "swiss"]
[EventRounds "10"]
[EventCountry "CAN"]

1. e4 e5 2. Nf3 d6 3. Bc4 Be7 4. Nc3 Nf6 5. O-O Bg4 6. h3 Bh5 7. d3 a6 8. Be3 Nc6 9. b4 Nxb4 10. Rb1 Nc6 11. Rxb7 Na5 12. Rb2 Nxc4 13. dxc4 Rb8 14. Rb3 O-O 15. Qd3 Bxf3 16. gxf3 Nh5 17. Kh2 Rxb3 18. cxb3 Bg5 19. Nd5 c6 20. Bxg5 Qxg5 21. Rg1 Qh4 22. Rg4 Qxf2+ 23. Rg2 Qa7 24. Qe3 Qxe3 25. Nxe3 Rd8 26. Rd2 Nf4 27. Nf5 Kf8 28. Nxd6 Ne6 29. Kg3 c5 30. Rd5 Nf4 31. Nb7 Nxd5 32. Nxd8 Nb4 33. Nb7 Nd3 34. Kg2 Ke7 35. Kf1 Kd7 36. Ke2 Nf4+ 37. Kd2 Ne6 38. a3 Kc7 39. Na5 Ng5 40. Ke3 Nxh3 41. b4 cxb4 42. axb4 Nf4 43. Nb3 Ne6 44. Nc1 f6 45. Nd3 Kc6 46. f4 exf4+ 47. Nxf4 Nxf4 48. Kxf4 Kd6 49. Kf3 Ke5 50. Ke3 h5 51. Kf3 g5 52. Ke3 g4 53. c5 f5 0-1

[Event "Western Canadian op"]
[Site "Richmond CAN"]
[Date "2004.07.12"]
[Round "4.12"]
[White "Milicevic, Dragoljub"]
[Black "Steininger, Gavin"]
[Result "1-0"]
[WhiteElo "2182"]
[BlackElo "1955"]
[PlyCount "111"]
[GameId "2160767911095544"]
[EventDate "2004.07.09"]
[EventType "swiss"]
[EventRounds "10"]
[EventCountry "CAN"]

1. Nf3 c5 2. g3 Nc6 3. Bg2 g6 4. O-O Bg7 5. c4 Nh6 6. e4 O-O 7. Nc3 d6 8. d3 Bg4 9. h3 Bxf3 10. Bxf3 Nd4 11. Bg2 Rb8 12. Be3 f6 13. Qd2 Nf7 14. Bxd4 cxd4 15. Nb5 Qb6 16. a4 a6 17. a5 Qc5 18. b4 Qg5 19. f4 Qxg3 20. Nxd4 e5 21. Ne2 Qh4 22. Qe1 Qxe1 23. Raxe1 Bh6 24. b5 Nd8 25. f5 Bd2 26. Ra1 g5 27. Kf2 Ra8 28. Ra2 Bb4 29. Rb1 Bc5+ 30. Kg3 h5 31. Nc3 Kg7 32. Nd5 Rf7 33. Bf3 Kh6 34. Bd1 Ra7 35. Nc7 Rxc7 36. b6 Re7 37. bxa7 Bxa7 38. Ba4 h4+ 39. Kg4 Rc7 40. Rab2 Bd4 41. Rb6 Bc5 42. R1b3 Kg7 43. Rb1 Kf7 44. R6b2 Bd4 45. Rb3 Bc5 46. Kh5 Bd4 47. Ra3 Bc5 48. Ra2 Bd4 49. c5 Bxc5 50. Bb3+ Ke7 51. Bd5 Nc6 52. Bxc6 bxc6 53. Rab2 d5 54. Kg6 g4 55. hxg4 h3 56. Rb7 1-0

[Event "Western Canadian op"]
[Site "Richmond CAN"]
[Date "2004.07.12"]
[Round "4.13"]
[White "Haukenfrers, Dale"]
[Black "Davies, Noam"]
[Result "1-0"]
[WhiteElo "2160"]
[BlackElo "1898"]
[PlyCount "57"]
[GameId "2160767911095545"]
[EventDate "2004.07.09"]
[EventType "swiss"]
[EventRounds "10"]
[EventCountry "CAN"]

1. c4 Nf6 2. Nc3 d5 3. cxd5 Nxd5 4. Nf3 g6 5. Qa4+ Nc6 6. e4 Nb6 7. Qc2 Bg7 8. Bb5 Bd7 9. Bxc6 Bxc6 10. d4 O-O 11. Bg5 f6 12. Qb3+ Kh8 13. Bf4 e5 14. dxe5 fxe5 15. Bxe5 Bxe5 16. Nxe5 Qf6 17. Nf3 Rae8 18. O-O-O Bxe4 19. Nxe4 Rxe4 20. Rhe1 Rc4+ 21. Kb1 a5 22. Ne5 Rb4 23. Qf3 Qg7 24. Qh3 Na4 25. Rd7 Rxb2+ 26. Kc1 Qg8 27. Qh6 Rf6 28. Rxh7+ Qxh7 29. Nf7+ 1-0

[Event "Western Canadian op"]
[Site "Richmond CAN"]
[Date "2004.07.12"]
[Round "4.15"]
[White "North, Robert"]
[Black "Goutor, Valentina"]
[Result "1/2-1/2"]
[WhiteElo "2115"]
[BlackElo "1999"]
[PlyCount "27"]
[GameId "2160767911095547"]
[EventDate "2004.07.09"]
[EventType "swiss"]
[EventRounds "10"]
[EventCountry "CAN"]

1. c4 Nf6 2. g3 g6 3. Bg2 Bg7 4. Nc3 d6 5. e4 c5 6. Nge2 Nc6 7. O-O O-O 8. d3 Rb8 9. h3 Ne8 10. g4 Nc7 11. Ng3 Nd4 12. f4 e5 13. Rb1 b5 14. Nd5 1/2-1/2

[Event "Western Canadian op"]
[Site "Richmond CAN"]
[Date "2004.07.12"]
[Round "4.17"]
[White "Salcedo, Daniel"]
[Black "Sum, Peter"]
[Result "1-0"]
[WhiteElo "2038"]
[BlackElo "1791"]
[PlyCount "57"]
[GameId "2160767911095548"]
[EventDate "2004.07.09"]
[EventType "swiss"]
[EventRounds "10"]
[EventCountry "CAN"]

1. d4 Nf6 2. c4 g6 3. Nc3 Bg7 4. e4 d6 5. Be2 O-O 6. Bg5 Nbd7 7. Nf3 h6 8. Bh4 g5 9. Bg3 Nh5 10. Nd2 Nxg3 11. hxg3 e5 12. d5 c6 13. g4 cxd5 14. cxd5 Qb6 15. Nc4 Qc5 16. a3 a6 17. b4 Qc7 18. Rc1 b5 19. Ne3 Qb6 20. Nf5 Bb7 21. Nxh6+ Bxh6 22. Rxh6 Kg7 23. Rh5 f6 24. Qd3 Qd4 25. Qh3 Rh8 26. Nd1 Qxe4 27. Rc7 Bxd5 28. Rxd7+ Bf7 29. Rxf7+ 1-0

[Event "Western Canadian op"]
[Site "Richmond CAN"]
[Date "2004.07.13"]
[Round "4.18"]
[White "Lau, Robert"]
[Black "Wang, Yamei"]
[Result "1/2-1/2"]
[WhiteElo "1980"]
[BlackElo "2000"]
[PlyCount "120"]
[GameId "2160767911095549"]
[EventDate "2004.07.09"]
[EventType "swiss"]
[EventRounds "10"]
[EventCountry "CAN"]

1. e4 c6 2. d4 d5 3. exd5 cxd5 4. Bd3 Nc6 5. c3 Nf6 6. Bf4 g6 7. Nf3 Bg7 8. O-O O-O 9. Nbd2 Nh5 10. Bg5 Qc7 11. Qb3 e6 12. Rfe1 Bd7 13. Nf1 Rac8 14. Ng3 Nf6 15. Ne2 Na5 16. Qc2 Qb6 17. Ne5 Rfd8 18. b3 h6 19. Be3 Nc6 20. Qd2 h5 21. Bg5 Nxe5 22. dxe5 Ng4 23. Nd4 Re8 24. Bf4 Qc7 25. h3 Bxe5 26. Bxe5 Nxe5 27. Rac1 Nxd3 28. Qxd3 e5 29. Ne2 Bc6 30. Qd2 Qe7 31. Ng3 Kh7 32. Qe3 Qf6 33. Qd3 Qg5 34. b4 h4 35. Nf1 a6 36. Qe3 Qxe3 37. Nxe3 Rcd8 38. Ng4 Re7 39. Rxe5 Rxe5 40. Nxe5 f6 41. Nf3 g5 42. Re1 Kg6 43. Nd4 Re8 44. Rxe8 Bxe8 45. Kf1 f5 46. Ke2 Kf6 47. Nf3 Bh5 48. Ke3 Bxf3 49. Kxf3 Ke5 50. Ke3 f4+ 51. Kd3 g4 52. f3 gxh3 53. gxh3 b5 54. a3 Ke6 55. Kc2 Ke5 56. Kb3 Ke6 57. a4 Kd6 58. axb5 axb5 59. Kc2 Ke6 60. Kd2 Kd6 1/2-1/2

[Event "Western Canadian op"]
[Site "Richmond CAN"]
[Date "2004.07.12"]
[Round "4.19"]
[White "Yoos, John"]
[Black "Miller, Mike"]
[Result "1-0"]
[WhiteElo "2449"]
[BlackElo "1774"]
[PlyCount "56"]
[GameId "2160767911095550"]
[EventDate "2004.07.09"]
[EventType "swiss"]
[EventRounds "10"]
[EventCountry "CAN"]

1. e4 c6 2. d4 d5 3. e5 Bf5 4. Nc3 e6 5. g4 Bg6 6. Nge2 c5 7. Be3 cxd4 8. Nxd4 a6 9. f4 Ne7 10. Bh3 Nec6 11. O-O Nxd4 12. Bxd4 Nc6 13. f5 exf5 14. gxf5 Qh4 15. Bb6 d4 16. fxg6 Qxh3 17. gxf7+ Kd7 18. Bxd4 Kc8 19. Nd5 Qe6 20. Nb6+ Kb8 21. Rf4 Be7 22. Nxa8 Kxa8 23. Qg4 Qd5 24. Qxg7 Rf8 25. c3 Qb5 26. b4 Qd3 27. Qg3 Qc2 28. Re1 Qxa2 1-0

[Event "Western Canadian op"]
[Site "Richmond CAN"]
[Date "2004.07.12"]
[Round "4.20"]
[White "Brodie, Hugh"]
[Black "Tegzes, Laszlo"]
[Result "0-1"]
[WhiteElo "1894"]
[BlackElo "2118"]
[PlyCount "74"]
[GameId "2160767911095551"]
[EventDate "2004.07.09"]
[EventType "swiss"]
[EventRounds "10"]
[EventCountry "CAN"]

1. e4 c5 2. Nf3 e6 3. c3 Nf6 4. e5 Nd5 5. d4 cxd4 6. cxd4 Nc6 7. Nc3 d6 8. Nxd5 exd5 9. exd6 Bxd6 10. Bd3 Qe7+ 11. Be3 Bf4 12. Qd2 Bxe3 13. fxe3 O-O 14. O-O Bg4 15. Rae1 f5 16. a3 Rae8 17. b4 a6 18. Qa2 Qd6 19. Nd2 Kh8 20. Nb3 Ne7 21. Nc5 f4 22. Nxb7 Qc6 23. Nc5 f3 24. e4 Ng6 25. e5 Nh4 26. Qf2 Nxg2 27. Rc1 Qh6 28. Qg3 Ne3 29. Rf2 Nf5 30. Qxg4 Qxc1+ 31. Rf1 Qe3+ 32. Kh1 Nh6 33. Qh5 f2 34. Be2 Qxd4 35. e6 Rxe6 36. Bf3 Ref6 37. Bg2 Rf5 0-1

[Event "Western Canadian op"]
[Site "Richmond CAN"]
[Date "2004.07.12"]
[Round "4.21"]
[White "Verma, Tony"]
[Black "Obers, Frits"]
[Result "0-1"]
[WhiteElo "1870"]
[BlackElo "2095"]
[PlyCount "44"]
[GameId "2160767911095552"]
[EventDate "2004.07.09"]
[EventType "swiss"]
[EventRounds "10"]
[EventCountry "CAN"]

1. d4 Nf6 2. Nf3 g6 3. c4 Bg7 4. Nc3 d6 5. e3 O-O 6. Bd3 Nbd7 7. O-O e5 8. dxe5 dxe5 9. e4 c6 10. Bg5 Qc7 11. Be3 Ng4 12. Re1 Nxe3 13. Rxe3 Bh6 14. Re1 Nc5 15. Be2 a5 16. a3 a4 17. Nh4 Nb3 18. Rb1 Rd8 19. Qc2 Rd2 20. Nb5 cxb5 21. Qc3 Nd4 22. Bd3 bxc4 0-1

[Event "Western Canadian op"]
[Site "Richmond CAN"]
[Date "2004.07.12"]
[Round "4.27"]
[White "Kazmaier, Daniel"]
[Black "Raymer, Elliot"]
[Result "1-0"]
[WhiteElo "1974"]
[BlackElo "1561"]
[PlyCount "43"]
[GameId "2160767911095553"]
[EventDate "2004.07.09"]
[EventType "swiss"]
[EventRounds "10"]
[EventCountry "CAN"]

1. Nc3 e5 2. e3 Nf6 3. d4 exd4 4. exd4 d5 5. Bd3 c5 6. dxc5 Bxc5 7. Nge2 O-O 8. O-O Bg4 9. Bg5 Bd4 10. Qd2 Bb6 11. Bxf6 Qxf6 12. Nxd5 Qxb2 13. Rab1 Qxa2 14. Nec3 Qa3 15. Rb4 Be6 16. Bxh7+ Kh8 17. Rh4 Re8 18. Nf6 gxf6 19. Bg6+ Kg8 20. Qh6 fxg6 21. Qh8+ Kf7 22. Rh7# 1-0

[Event "Western Canadian op"]
[Site "Richmond CAN"]
[Date "2004.07.12"]
[Round "4.30"]
[White "Paulson, Stewart"]
[Black "Krzyzowski, Ernest"]
[Result "0-1"]
[WhiteElo "1567"]
[BlackElo "1741"]
[PlyCount "72"]
[GameId "2160767911095554"]
[EventDate "2004.07.09"]
[EventType "swiss"]
[EventRounds "10"]
[EventCountry "CAN"]

1. d4 f5 2. Nf3 Nf6 3. c4 e6 4. Bg5 h6 5. Bd2 Be7 6. Nc3 O-O 7. e3 d6 8. g3 Nbd7 9. Bg2 Qe8 10. Nb5 Bd8 11. Rc1 a6 12. Nc3 Ne4 13. Qb3 Ndf6 14. Ne2 Ng4 15. Rf1 Nxd2 16. Nxd2 Nxh2 17. Rh1 Ng4 18. c5 d5 19. Nf3 c6 20. Qa4 Bc7 21. b4 e5 22. Qd1 f4 23. dxe5 fxe3 24. Qc2 exf2+ 25. Kd2 Bxe5 26. Ng5 Bf5 27. Qb3 hxg5 28. Bf3 Qe6 29. Rh5 Bf6 30. Rch1 Nh6 31. g4 Bxg4 32. Bxg4 Qxg4 33. Qd3 Qxb4+ 34. Nc3 Qb2+ 35. Qc2 Bxc3+ 36. Kd3 Nf5 0-1

[Event "Western Canadian op"]
[Site "Richmond CAN"]
[Date "2004.07.12"]
[Round "4.32"]
[White "Escandor, Manuel Omana"]
[Black "Taylor, James"]
[Result "1/2-1/2"]
[WhiteElo "1736"]
[BlackElo "1554"]
[PlyCount "122"]
[GameId "2160767911095555"]
[EventDate "2004.07.09"]
[EventType "swiss"]
[EventRounds "10"]
[EventCountry "CAN"]

1. e4 e6 2. Nf3 d6 3. d4 Nf6 4. Nc3 Be7 5. Be2 O-O 6. O-O a6 7. Re1 Nbd7 8. h3 h6 9. Bd3 c6 10. Bf4 Qc7 11. Qd2 e5 12. Be3 Nh7 13. a4 Re8 14. Bc4 Ndf8 15. Rad1 Be6 16. d5 Bd7 17. b3 Rac8 18. dxc6 Qxc6 19. Nd5 b5 20. Nb4 Qb7 21. Bd5 Qc7 22. axb5 axb5 23. Ra1 Nf6 24. Ra7 Qc3 25. Bb7 Qxd2 26. Nxd2 Rb8 27. Na6 Rxb7 28. Rxb7 Bc6 29. Rb6 Rc8 30. f3 N8d7 31. Rxc6 Rxc6 32. Nb4 Rc8 33. Ra1 Rc3 34. Bf2 Rc8 35. Ra5 Rb8 36. Nc6 Bd8 37. Nxd8 Rxd8 38. Rxb5 Kf8 39. c4 Ke7 40. Nb1 Rc8 41. Rb7 Ke6 42. Nc3 Ne8 43. Nd5 g6 44. Be3 h5 45. Nc3 f5 46. Bg5 Nc7 47. Ne2 Nc5 48. Rb6 Ne8 49. Nc3 Rc7 50. Nd5 Rc8 51. b4 Nd7 52. c5 Nxb6 53. cxb6 Kd7 54. b5 Rc5 55. Bd2 Rxb5 56. Bb4 Kc8 57. Kf2 Kb7 58. Ke2 Rxd5 59. exd5 Kxb6 60. Kd3 g5 61. Ba3 Kb5 1/2-1/2

[Event "Western Canadian op"]
[Site "Richmond CAN"]
[Date "2004.07.12"]
[Round "4.34"]
[White "Pivovarov, Juraj"]
[Black "Gaciu, Vlad"]
[Result "0-1"]
[WhiteElo "1676"]
[BlackElo "1425"]
[PlyCount "84"]
[GameId "2160767911095557"]
[EventDate "2004.07.09"]
[EventType "swiss"]
[EventRounds "10"]
[EventCountry "CAN"]

1. c4 c6 2. g3 d5 3. Bg2 Nf6 4. Nf3 e6 5. O-O Bd6 6. d3 O-O 7. Bg5 Nbd7 8. Qc2 h6 9. Bd2 Ne5 10. Nxe5 Bxe5 11. Bc3 Bc7 12. b4 a5 13. a3 axb4 14. axb4 Rxa1 15. Bxa1 h5 16. Nd2 e5 17. Nf3 d4 18. e3 dxe3 19. Bxe5 exf2+ 20. Rxf2 Ng4 21. Bxc7 Qxc7 22. Re2 Qb6+ 23. d4 Qxb4 24. Ng5 g6 25. Be4 Qd6 26. Qd3 f5 27. Bg2 h4 28. h3 Nh6 29. gxh4 Qf4 30. c5 Nf7 31. Qc4 Kg7 32. Bf3 Qxh4 33. Qc1 Qg3+ 34. Rg2 Qh4 35. d5 Nxg5 36. Rxg5 Qd4+ 37. Kg2 cxd5 38. Qe1 Qb2+ 39. Kh1 Qf6 40. Qd2 Rh8 41. Bxd5 Rxh3+ 42. Kg2 f4 0-1

[Event "Western Canadian op"]
[Site "Richmond CAN"]
[Date "2004.07.12"]
[Round "4.40"]
[White "Beauchamp, Richard"]
[Black "Heppenstall, Lara"]
[Result "1/2-1/2"]
[WhiteElo "997"]
[BlackElo "1591"]
[PlyCount "133"]
[GameId "2160767911095558"]
[EventDate "2004.07.09"]
[EventType "swiss"]
[EventRounds "10"]
[EventCountry "CAN"]

1. d4 g6 2. c4 d6 3. Nc3 Bg7 4. Nf3 Bg4 5. e3 Nc6 6. Be2 e5 7. dxe5 dxe5 8. Qxd8+ Nxd8 9. O-O f5 10. b4 Bxf3 11. gxf3 Nf6 12. e4 Ne6 13. Bd1 O-O 14. c5 Kh8 15. Rb1 Rad8 16. Bb3 Nd4 17. Kg2 c6 18. Re1 Nh5 19. Ne2 Nxe2 20. Rxe2 Rd4 21. a3 fxe4 22. fxe4 Nf4+ 23. Bxf4 exf4 24. f3 Be5 25. Rd1 Rxd1 26. Bxd1 Rd8 27. Bb3 Rd3 28. Be6 Rxa3 29. Rd2 Bf6 30. Bc8 b6 31. Bb7 bxc5 32. bxc5 Rc3 33. Rd6 Be7 34. Rxc6 Rxc5 35. Ra6 Rc2+ 36. Kh3 Bc5 37. Rc6 Rc3 38. Kg4 Rb3 39. Rc8+ Kg7 40. Bd5 Rc3 41. Re8 Bf8 42. Kxf4 a5 43. Ra8 Rc5 44. Kg4 h5+ 45. Kh4 Be7+ 46. Kh3 Kf6 47. Ra6+ Kg5 48. Bf7 Kf4 49. Rxg6 Kxf3 50. Rg3+ Kxe4 51. Bg6+ Kf4 52. Rg2 Rc3+ 53. Rg3 Rxg3+ 54. hxg3+ Kg5 55. Bf7 a4 56. Be6 a3 57. Bc4 Kf5 58. Bb3 Ke4 59. Bf7 Kd3 60. Kg2 Ke3 61. Kh2 Kf2 62. Kh3 Ke3 63. Kg2 Ke4 64. Kf2 Kf5 65. Kf3 Bd6 66. Bb3 Kg5 67. Bc4 1/2-1/2

[Event "Western Canadian op"]
[Site "Richmond CAN"]
[Date "2004.07.13"]
[Round "5"]
[White "Heppenstall, Lara"]
[Black "Brodie, Hugh"]
[Result "0-1"]
[WhiteElo "1750"]
[BlackElo "1900"]
[PlyCount "86"]
[GameId "2160767911095559"]
[EventDate "2004.07.09"]
[EventType "swiss"]
[EventRounds "10"]
[EventCountry "CAN"]
[SourceTitle "EXT 2006"]
[Source "ChessBase"]
[SourceDate "2005.11.24"]
[SourceVersion "1"]
[SourceVersionDate "2005.11.24"]
[SourceQuality "1"]

1. d4 e6 2. c4 f5 3. Nf3 Nf6 4. Nc3 Bb4 5. a3 Bxc3+ 6. bxc3 b6 7. e3 Bb7 8. Bd3 O-O 9. O-O Qe8 10. Nd2 d6 11. Qe2 Nbd7 12. e4 f4 13. Nf3 e5 14. d5 Nc5 15. Bc2 Bc8 16. h3 Bd7 17. Rb1 Nfxe4 18. Bb2 Nf6 19. Rfe1 Qh5 20. Nd2 Ba4 21. Qxh5 Nxh5 22. Bxa4 Nxa4 23. Ne4 h6 24. Kh2 Nf6 25. f3 Nxe4 26. Rxe4 g5 27. Ba1 Kf7 28. Rd1 Kf6 29. Re2 Rae8 30. c5 Nxc5 31. c4 Kf5 32. g4+ fxg3+ 33. Kxg3 Kg6 34. Rde1 Rf4 35. Bb2 Nd3 36. Rb1 Nxb2 37. Rbxb2 Ref8 38. Re3 Rxc4 39. Rd2 Rff4 40. Rdd3 Kf6 41. Rc3 Ke7 42. a4 Kd7 43. Ra3 Rxa4 0-1

[Event "Western Canadian op"]
[Site "Richmond CAN"]
[Date "2004.07.13"]
[Round "5"]
[White "Jose, Marionito"]
[Black "Lister, Curtis"]
[Result "0-1"]
[WhiteElo "1647"]
[BlackElo "1964"]
[PlyCount "80"]
[GameId "2160767911095560"]
[EventDate "2004.07.09"]
[EventType "swiss"]
[EventRounds "10"]
[EventCountry "CAN"]
[SourceTitle "CBM 101 ext"]
[Source "ChessBase"]
[SourceDate "2004.09.01"]
[SourceVersion "2"]
[SourceVersionDate "2004.09.23"]
[SourceQuality "1"]

1. e4 d6 2. d4 Nf6 3. Nc3 g6 4. Bc4 Bg7 5. Qe2 Nc6 6. e5 Ng4 7. e6 f5 8. d5 Na5 9. Bb5+ c6 10. Ba4 O-O 11. h3 Nf6 12. dxc6 Nxc6 13. Bxc6 bxc6 14. Nf3 Qa5 15. Bd2 Ba6 16. Qe3 Qb6 17. Qxb6 axb6 18. O-O-O Ne4 19. Nxe4 fxe4 20. Ng5 Bc4 21. a3 h6 22. Nxe4 Bxe6 23. f4 Bd7 24. g4 d5 25. Ng3 e5 26. fxe5 Bxe5 27. Bxh6 Bxg3 28. Bxf8 Rxf8 29. Rhf1 Bf4+ 30. Kb1 g5 31. Rf3 Re8 32. Rff1 Kg7 33. Rde1 Re4 34. Ka2 Be6 35. Kb1 Kf6 36. c3 c5 37. Kc2 Ke5 38. b4 Bd7 39. Rg1 Ba4+ 40. Kb2 d4 0-1

[Event "Western Canadian op"]
[Site "Richmond CAN"]
[Date "2004.07.13"]
[Round "5"]
[White "Koons, Nathaniel"]
[Black "Pechisker, Alfred"]
[Result "1-0"]
[WhiteElo "2267"]
[BlackElo "2042"]
[PlyCount "63"]
[GameId "2160767911095561"]
[EventDate "2004.07.09"]
[EventType "swiss"]
[EventRounds "10"]
[EventCountry "CAN"]
[SourceTitle "CBM 101 Extra"]
[Source "ChessBase"]
[SourceDate "2004.09.01"]
[SourceVersion "2"]
[SourceVersionDate "2004.09.01"]
[SourceQuality "1"]

1. d4 Nf6 2. c4 c5 3. Nf3 cxd4 4. Nxd4 g6 5. Nc3 Bg7 6. e4 d6 7. Be2 O-O 8. O-O Nc6 9. Nc2 Bd7 10. Bg5 Rc8 11. Qd2 Ne5 12. Ne3 b5 13. Bxf6 Bxf6 14. cxb5 Be6 15. Ncd5 Bg7 16. Rac1 f5 17. f4 Nf7 18. exf5 gxf5 19. Kh1 Bd7 20. Rxc8 Bxc8 21. Nb4 e5 22. Nc6 Qe8 23. Bh5 exf4 24. Nd5 Bb7 25. Re1 Qd7 26. Re7 Bxc6 27. Rxd7 Bxd7 28. Ne7+ Kh8 29. Bxf7 Rxf7 30. Qxd6 Bxb5 31. Qb8+ Bf8 32. Qe5+ 1-0